Rejestracje województwa łódzkiego - Statystyki

Ogólne statystyki
  • Ten quiz został rozwiązany 203 razy
  • Średni wynik to 15 z 23
Statystyki odpowiedzi
Rejestracja Powiat % Poprawnych
EL Łódź
96%
ESI sieradzki
80%
EBE bełchatowski
76%
EZG zgierski
75%
EPA pabianicki
74%
EKU kutnowski
73%
ETM tomaszowski
71%
ESK skierniewicki
70%
EPI piotrkowski
68%
EP Piotrków Trybunalski
64%
EZD zduńskowolski
64%
ELA łaski
62%
ERW rawski
62%
ES Skierniewice
62%
ELC łowicki
61%
EPD poddębicki
61%
ELE łęczycki
57%
ELW łódzki wschodni
53%
EOP opoczyński
53%
EPJ pajeczański
53%
EWE wieruszowski
53%
EWI wieruszowski
53%
ERA radomszczański
50%
Nie znaleziono quizów pasujących do podanych kryteriów
Rozkład punktacji
Procent ludzi z każdym wynikiem
Percentyl według liczby udzielonych odpowiedzi
Twoja historia wyników
Nie rozwiązałeś tego quizu